Responses for Show #6856 - Monday, June 9, 2014

Contestants

[<< previous game]

Jack Barry, a chief financial officer from Raleigh, North Carolina

Heather Heffner, an attorney from St. Louis, Missouri

Molly Lalonde, a pediatric nurse practitioner student from Nashville, Tennessee (whose 2-day cash winnings total $26,600)

[next game >>]

Jeopardy! Round responses

AMERICAN CITIES
YOU CAN QUOTE ME
SPORTS TALK
STUPID ANSWERS
STOP! HEY, WHAT'S THAT SOUND?
EVERYBODY LOOK WHAT'S GOING "DOWN"
    $200 1
(Heather: What is Pittsburgh?)

Philadelphia

MollyHeather
    $200 4
fear itself

Molly
    $200 20
a shuttlecock

Jack
    $200 21
21

Molly
    $200 26
(Alex: You're right, with less than a minute to go.)

a hippopotamus

Heather
    $200 12
a countdown

Heather
    $400 2
Buffalo

Molly
    $400 8
(Molly: Who is Muhammed Ali?)

Joe Louis

Molly
Triple Stumper
    $400 19
[Alex reads "MLB" as "Major League Baseball".]

the strike zone

Jack
    $400 22
Us (Weekly)

Heather
    $400 27
(Mandarin) Chinese

Jack
    $400 13
a breakdown

Molly
    $600 3
Houston

Heather
    $600 11
Thank God Almighty

Heather
    $600 6
pole position

Molly
    $600 23
the North Sea

Molly
    $600 28
the University of Michigan

Molly
    $600 14
a rundown

Jack
    $800 5
Missouri

Jack
    $800 9
(Jack: Uh, who is God?)

Jesus

HeatherJack
    $800 15
flagrant

Jack
    $800 24
An American Tragedy

Molly
    $800 29
a didgeridoo

Molly
    $800 17
a hoedown

Jack
    $1,400 7
(Molly: What is Phoenix?)

Miami

Molly
    $1000 10
power

Triple Stumper
    $1000 16
scrum

Jack
    $1000 25
(Molly: Who is Lincoln Gutzon?)

Lincoln Borglum

Molly
Triple Stumper
    $1000 30
Operation

Heather
    $1000 18
lockdown

Jack

Scores at the first commercial break (after clue 14):

Molly Heather Jack
$0 $2,000 $600

Scores at the end of the Jeopardy! Round:

Molly Heather Jack
$2,000 $3,600 $5,200

Double Jeopardy! Round responses

NOVELS & NOVELISTS
THE CENTURY'S FIRST YEAR
CARIBBEAN CUISINE
GLANDS & ORGANS
ACTORS' ROLES
BEFORE & AFTER
    $400 6
The Age of Innocence

Molly
    $400 21
Saxons

Heather
    $400 26
coconut

Jack
    $400 1
the pancreas

Molly
    $400 9
Renee Zellweger

Molly
    $400 16
red, white & blue chip

Jack
    $800 7
(Pearl) Buck

Molly
    $800 22
Panama

Triple Stumper
    $800 27
a crawfish

Heather
    $800 2
a sweat gland

Molly
    $800 12
George Clooney

Heather
    $800 17
martial arts & crafts

Heather
    $1200 8
(D.H.) Lawrence

Heather
    $1,000 23
(Heather: I have no idea.)

Robert Fulton

Heather
    $1200 28
plantains

Molly
    $1200 3
the stomach

Molly
    $1200 13
Gene Wilder

Molly
    $1200 18
Tea Party in the USA

Triple Stumper
    $1600 10
the Purple Sage

Molly
    $1600 24
San Marino

Triple Stumper
    $1600 29
jerk

Molly
    $1600 4
the small intestine

Molly
    $1600 14
Denzel Washington

Heather
    $1600 19
Deadliest Catch Phrase

Jack
    $3,000 11
(Molly: What is The Call of the Wild?)

White Fang

Molly
    $2000 25
(Heather: What is Queensland?)

Melbourne

Heather
Triple Stumper
    $2000 30
conch

Molly
    $2000 5
[Applause for Molly's run of the category]
(Alex: Hey, you're probably gonna get an A in your class in, uh, nursing. You're in the lead now
with $8,000.)

the adrenal glands

Molly
    $2000 15
Natalie Portman

Heather
    $2000 20
fish out of water under the bridge

Triple Stumper

Scores at the end of the Double Jeopardy! Round:

Molly Heather Jack
$14,200 $8,200 $7,600

[wagering suggestions for these scores]

Final Jeopardy! Round responses

THE MEDITERRANEAN
JackWhat is Vatican City?
$5,000
HeatherWhat is Cyprus?
$8,000
MollyWhat is Morocco?
$2,300
Malta

Final scores:

Molly Heather Jack
$11,900 $200 $2,600
3-day champion: $38,500 3rd place: $1,000 2nd place: $2,000

Game dynamics:

Coryat scores:

Molly Heather Jack
$18,600 $9,200 $7,600
23 R,
4 W
(including 2 DDs)
14 R,
3 W
(including 1 DD)
12 R,
1 W

Combined Coryat: $35,400

[game clues] [game scores] [suggest correction]

Game tape date: 2014-02-18
The J! Archive is created by fans, for fans. Scraping, republication, monetization, and malicious use prohibited; this site may use cookies and collect identifying information. See terms. The Jeopardy! game show and all elements thereof, including but not limited to copyright and trademark thereto, are the property of Jeopardy Productions, Inc. and are protected under law. This website is not affiliated with, sponsored by, or operated by Jeopardy Productions, Inc. Join the discussion at JBoard.tv.